CAT entrance guide : common admission test for Indian Institutes of Management (Record no. 177554)

MARC details
000 -LEADER
fixed length control field 00538nam a2200169Ia 4500
008 - FIXED-LENGTH DATA ELEMENTS--GENERAL INFORMATION
fixed length control field 231217s9999 xx 000 0 und d
020 ## - INTERNATIONAL STANDARD BOOK NUMBER
International Standard Book Number 81-86299-76-9
041 ## - LANGUAGE CODE
Language code of text/sound track or separate title English
082 ## - DEWEY DECIMAL CLASSIFICATION NUMBER
Classification number 658.076 VER;1 R
100 ## - MAIN ENTRY--PERSONAL NAME
Personal name Verma, R PKapur, MalaChawla, Radhika
245 #0 - TITLE STATEMENT
Title CAT entrance guide : common admission test for Indian Institutes of Management
250 ## - EDITION STATEMENT
Edition statement 4th ed.
260 ## - PUBLICATION, DISTRIBUTION, ETC.
Date of publication, distribution, etc. 2005
Name of publisher, distributor, etc. Asia Publishing House
Place of publication, distribution, etc. New Delhi
300 ## - PHYSICAL DESCRIPTION
Extent vi+E-93
650 ## - SUBJECT ADDED ENTRY--TOPICAL TERM
Topical term or geographic name entry element CAT,entrance,:,common,admission,Institutes,Management
942 ## - ADDED ENTRY ELEMENTS (KOHA)
Koha item type Books
Holdings
Date last seen Total checkouts Full call number Accession number Price effective from Category Public note Lost status Damaged status Department Withdrawn status Home library Current library Shelving location Entry date Vendor Grants Billdate Currency symbol Conversion rate Discount Old discount
26/01/2024   658.076 VER;1 R 41589 26/01/2024 Books Weeded Out 2016     Central Library   Central Library Central Library Central Library 02/05/2006 Publisher DONATED 28/01/2006 RS 1    

© For any Suggestions or Query, please contact the library staff @ librarian@pes.edu or Phone: +9180 2672 1983/ 2108.